Missing Word: Kristen Wiig Quiz Stats

 Plays Quiz Updated Jul 15, 2017

Support Sporcle.
Go Orange.
Score 0/16 Timer 03:00
0 Plays Today
Film Missing Word % Correct
Despicable _____ 2*Me
94%
Ice _____: Dawn of the Dinosaurs*Age
91.9%
How to _____ Your Dragon*Train
91.7%
The Secret Life of _____ MittyWalter
86.7%
Date _____Night
83.4%
_____ Sarah MarshallForgetting
81.9%
Sausage _____*Party
65.7%
Anchorman 2: The _____ Continues Legend
56.9%
Film Missing Word % Correct
Unaccompanied _____Minors
43.3%
Walk Hard: The Dewey _____ StoryCox
40%
All _____ ThingsGood
38.4%
The Skeleton _____Twins
18.1%
The _____ SolomonBrothers
16.7%
_____ with KidsFriends
15.2%
Life, Death, and Mini-_____Golf
6.2%
_____ for Jolly!Revenge
4.9%

Today's Daily Dose

You're not logged in!

Compare scores with friends on all Sporcle quizzes.
OR
Log In
Forgot?

From the Vault

-son Definitions

by NO_r_WAY

Here comes the -son! Doo do doo doo!
Remove Ads.
Support Sporcle.
Get the best of Sporcle when you Go Orange. This ad-free experience offers more features, more stats, and more fun while also helping to support Sporcle. Thank you for becoming a member.

Show Comments

Extras

Top Quizzes Today


Score Distribution

Your Account Isn't Verified!

In order to create a playlist on Sporcle, you need to verify the email address you used during registration. Go to your Sporcle Settings to finish the process.

Report this User

Report this user for behavior that violates our Community Guidelines.

Details: